Statistics for Air Seychelles-Victoria

Click here to take the quiz!

General Stats

  • This quiz has been taken 26 times
  • The average score is 4 of 5

Answer Stats

Hint Answer % Correct
South AfricaJohannesburg
100%
U.A.EAbu Dhabi
95%
IndiaMumbai
90%
MauritiusPort Louis
71%
SeychellesPraslin Island
0%

Score Distribution

Percentile by Number Answered

Percent of People with Each Score

Your Score History

You have not taken this quiz